Longman dictionary of contemporary English : (Record no. 750)

MARC details
000 -LEADER
fixed length control field 00664nam a22002177a 4500
005 - DATE AND TIME OF LATEST TRANSACTION
control field 20250224105850.0
008 - FIXED-LENGTH DATA ELEMENTS--GENERAL INFORMATION
fixed length control field 211114b ||||| |||| 00| 0 eng d
020 ## - INTERNATIONAL STANDARD BOOK NUMBER
International Standard Book Number 9781447954194
040 ## - CATALOGING SOURCE
Transcribing agency KCST
082 ## - DEWEY DECIMAL CLASSIFICATION NUMBER
Classification number 423
Item number Lo
110 ## - MAIN ENTRY--CORPORATE NAME
Corporate name or jurisdiction name as entry element Longman, Pearson
9 (RLIN) 5522
245 ## - TITLE STATEMENT
Title Longman dictionary of contemporary English :
Remainder of title [for advanced learners] /
Statement of responsibility, etc. Longman - Pearson
250 ## - EDITION STATEMENT
Edition statement 6
260 ## - PUBLICATION, DISTRIBUTION, ETC.
Place of publication, distribution, etc. Harlow, Essex :
Name of publisher, distributor, etc. Pearson;
Date of publication, distribution, etc. 2014.
-- [2019].
300 ## - PHYSICAL DESCRIPTION
Extent 2161 p.
650 ## - SUBJECT ADDED ENTRY--TOPICAL TERM
Topical term or geographic name entry element English language
Form subdivision Terms and phrases.
9 (RLIN) 5523
650 ## - SUBJECT ADDED ENTRY--TOPICAL TERM
Topical term or geographic name entry element English language
Form subdivision Dictionaries.
9 (RLIN) 5524
650 ## - SUBJECT ADDED ENTRY--TOPICAL TERM
Topical term or geographic name entry element English language.
9 (RLIN) 2090
650 ## - SUBJECT ADDED ENTRY--TOPICAL TERM
Topical term or geographic name entry element English.
9 (RLIN) 2093
942 ## - ADDED ENTRY ELEMENTS (KOHA)
Source of classification or shelving scheme Dewey Decimal Classification
Koha item type Reference Books
Holdings
Withdrawn status Lost status Source of classification or shelving scheme Damaged status Not for loan Home library Current library Date acquired Cost, normal purchase price Total checkouts Full call number Barcode Date last seen Cost, replacement price Price effective from Koha item type
    Dewey Decimal Classification     KCST Library KCST Library 14/11/2021 12.50   423 Lo 1000000916 14/11/2021 12.50 14/11/2021 Reference Books
    Dewey Decimal Classification     KCST Library KCST Library 14/11/2021 12.50   423 Lo 1000000917 14/11/2021 12.50 14/11/2021 Reference Books
    Dewey Decimal Classification     KCST Library KCST Library 14/11/2021 12.50   423 Lo 1000000918 14/11/2021 12.50 14/11/2021 Reference Books
    Dewey Decimal Classification     KCST Library KCST Library 10/04/2022 12.50   423 Lo 1000001069 10/04/2022   10/04/2022 Reference Books
    Dewey Decimal Classification     KCST Library KCST Library 10/04/2022 12.50   423 Lo 1000001070 10/04/2022   10/04/2022 Reference Books
    Dewey Decimal Classification     KCST Library KCST Library 10/04/2022 12.50   423 Lo 1000001071 10/04/2022   10/04/2022 Reference Books
© 2025 KCST. All rights reserved